Bibliographical Section. Dos obras de viajeros norteamericanos traducidas al castellano. By J. T. Medina. Reprinted from The Hispanic Review. Vol. I, N§ 1, February 1918

Furkejuvvon:
Bibliográfalaš dieđut
Materiálatiipa: Girji
Giella:espánnjágiella
Almmustuhtton: Santiago s. n 1918
Preanttus:1a. ed
Fáttát:
Fáddágilkorat: Lasit fáddágilkoriid
Eai fáddágilkorat, Lasit vuosttaš fáddágilkora!

MARC

LEADER 00000nam a2200000 a 4500
001 UCJ3455
003 CL-VaPUC
005 20250227100112.0
008 070124e19180000CL |||||||||||||||||spa|d
999 |c 319577  |d 319575 
040 |c Pontificia Universidad Católica de Valparaíso 
082 0 4 |a 983  |b MED  |2 21 
245 1 0 |a Bibliographical Section. Dos obras de viajeros norteamericanos traducidas al castellano. By J. T. Medina. Reprinted from The Hispanic Review. Vol. I, N§ 1, February 1918 
250 |a 1a. ed 
260 |a Santiago  |b s. n  |c 1918 
300 |a 10 p 
500 |a 4§.- Tirada aparte a la francesa, conservando la numeración. Fechada en Santiago, 18 de julio de 1918. Chiappa-Feliú Cruz N§ 259 
583 |a last modification  |c 20070124 00:00:00  |k Rodrigo Vera 
600 0 7 |a Johnston, Samuel Burr  |9 858429 
600 0 7 |a COFFIN, J. FRANCIS  |9 505306 
650 7 |a BIBLIOGRAFIA  |2 CL-VaPUC  |9 256175 
650 0 |a Viajes  |9 257115 
650 7 |a NORTEAMERICANOS  |2 CL-VaPUC  |9 504368 
651 7 |a CHILE  |2 CL-VaPUC  |9 505307 
852 |a BIBCUR 
942 |c BK  |2 ddc 
945 |d 20070124 00:00:00  |a rinostro 
952 |0 0  |1 0  |4 0  |6 983_000000000000000_MED_1918  |7 0  |8 X  |9 397927  |a FDOBUD  |b FDOBUD  |d 2019-11-22  |i 1003801  |o 983 MED 1918  |p 1003801  |r 2019-11-22  |w 2019-11-22  |y BK_X  |k BUD